| 000 | 01338nam0a22002891 4500 | ||
|---|---|---|---|
| 001 | rc\3744255 | ||
| 005 | 20250610110716.0 | ||
| 021 |
_aRU _b70-ОЭ-2435/15 |
||
| 021 |
_aRU _bРг11058-70 |
||
| 035 | _a(NLR Aleph) 007871532 | ||
| 090 |
_a7860684 _c7860684 |
||
| 100 | _a20130115d1969 |||y0rusy50 ca | ||
| 101 | 0 | _arus | |
| 102 | _aRU | ||
| 105 | _ay j ||||| | ||
| 200 | 1 |
_aКнига В.И. Ленина "Материализм и эмпириокритицизм" и ее историческое значение _eМатериал к лекции _fХарьк. высш. воен. авиац. училище летчиков им. дважды Героя Советского Союза С.И. Грицевец |
|
| 210 |
_a[Харьков _cБ. и. _d1969] |
||
| 215 |
_a35 л. _d29 |
||
| 309 | _aОтпеч. множит. аппаратом | ||
| 532 | 1 | 0 | _aКнига Владимира Ильича Ленина Материализм и эмпириокритицизм и ее историческое значение |
| 604 |
_150010$aМатериализм и эмпириокритицизм _1700#1$aЛенин$bВ.И.$f1870-1924$gВладимир Ильич |
||
| 700 | 1 |
_aСамутин _bИ.Ф. |
|
| 801 | 0 |
_aRU _bNLR _gpsbo |
|
| 801 | 1 |
_aRU _bELAR _2rusmarc |
|
| 852 |
_aNLR _j69-8/2905 |
||
| 942 | _cBOOK | ||
| 980 | _aNB | ||